Specification for residential mortgage valuation (Record no. 103385)

MARC details
000 -LEADER
fixed length control field 01519cam a2200289 4500
001 - CONTROL NUMBER
control field J125422
008 - FIXED-LENGTH DATA ELEMENTS--GENERAL INFORMATION
fixed length control field 040316n2004 000 0 eng u
035 ## - SYSTEM CONTROL NUMBER
System control number (Sirsi) u125422
041 ## - LANGUAGE CODE
Language code of text/sound track or separate title eng
050 ## - LIBRARY OF CONGRESS CALL NUMBER
Classification number 333.332
-- 18
110 ## - MAIN ENTRY--CORPORATE NAME
Corporate name or jurisdiction name as entry element Royal Institution of Chartered Surveyors
9 (RLIN) 4900
245 ## - TITLE STATEMENT
Title Specification for residential mortgage valuation
250 ## - EDITION STATEMENT
Edition statement Rev. ed.
260 ## - PUBLICATION, DISTRIBUTION, ETC.
Place of publication, distribution, etc. London
Name of publisher, distributor, etc. RICS
Date of publication, distribution, etc. 2004
300 ## - PHYSICAL DESCRIPTION
Extent 13p.
Dimensions 21x10cm.
350 ## - PRICE (NR) (BK AM CF MU VM SE) [OBSOLETE]
Price 20
520 ## - SUMMARY, ETC.
Summary, etc. This specification applies to the valuation of residential property for mortgage purposes on behalf of building societies, banks and other lenders, unless varied by the lender's standard terms of engagement and standard report form. Covers the valuer's role, the terms of engagement, the valuer's inspection, the valuation, the report, re-inspections, further advances, buy-to-let and external appraisals. Effective from 1 May 2003.
520 ## - SUMMARY, ETC.
Summary, etc. Reproduced in "RICS appraisal and valuation standards" (ISBN 1842191233).
520 ## - SUMMARY, ETC.
Summary, etc. Supersedes "RICS/ISVA specification for the valuation and inspection of residential property for mortgage purposes on behalf of building societies, banks and other lenders" (M90430).
520 ## - SUMMARY, ETC.
Summary, etc. Withdrawn November 2007.
650 ## - SUBJECT ADDED ENTRY--TOPICAL TERM
Topical term or geographic name entry element MORTGAGE VALUATION
650 ## - SUBJECT ADDED ENTRY--TOPICAL TERM
Topical term or geographic name entry element RICS appraisal and valuation standards
650 ## - SUBJECT ADDED ENTRY--TOPICAL TERM
Topical term or geographic name entry element RESIDENTIAL PROPERTY
9 (RLIN) 6266
690 ## - LOCAL SUBJECT ADDED ENTRY--TOPICAL TERM (OCLC, RLIN)
Topical term or geographic name as entry element PROPERTY-RESIDENTIAL PROPERTY-RESIDENTIAL PROPERTY APPRAISAL AND VALUATION
710 ## - ADDED ENTRY--CORPORATE NAME
Corporate name or jurisdiction name as entry element Council of Mortgage Lenders
9 (RLIN) 5903
942 ## - ADDED ENTRY ELEMENTS (KOHA)
Suppress in OPAC 0
Holdings
Withdrawn status Lost status Source of classification or shelving scheme Damaged status Not for loan Home library Current library Shelving location Date acquired Total Checkouts Full call number Barcode Date last seen Copy number Price effective from Koha item type Date last checked out
    Dewey Decimal Classification     London London RICS Boxes 17/03/2004   RICS 2004/3 30069038 06/08/2019 1 06/08/2019 Reference material  
    Dewey Decimal Classification     London London RICS Boxes 17/03/2004   RICS 2004/3 30069034 06/08/2019 2 06/08/2019 Reference material  
    Dewey Decimal Classification     London London RICS Boxes 17/03/2004 18 RICS 2004/3 30069030 06/08/2019 3 06/08/2019 Book 02/07/2009